000 00500nam a2200169Ia 4500
008 240729s9999 xx 000 0 und d
022 _a2641-8533
245 4 _aThe Journal of Forensic Science Education
260 _aUnited States
260 _bTexas Digital Library
650 _a Public aspects of medicine
650 _a Special aspects of education | Medicine
650 _aEducation
856 _uhttps://doaj.org/toc/de8dced21c184993a34a71943ec3f3d7
942 _2ddc
942 _cDOAJEJ
999 _c72140
_d72140
945 _a1
_bMadushi Gamage
_c1
_dMadushi Gamage